[Event "Abierto Mexicano de Ajedrez 2008"]
[Site "Aguascalientes"]
[Date "2008.03.22"]
[Round "8"]
[White "Carreto Nieto, Geovanni"]
[Black "Huerta, Dayron"]
[Result "0-1"]
[WhiteElo "2212"]
[BlackElo "2353"]
[PlyCount "89"]
[EventDate "2008.03.18"]
[EventType "swiss"]
[EventRounds "9"]
[EventCountry "MEX"]
[Source "lmi"]
[SourceDate "2008.03.18"]

1. e4 e5 2. Nf3 d6 3. d4 exd4 4. Nxd4 g6 5. Nc3 Bg7 6. Be3 Nf6 7. Qd2 O-O 8.
O-O-O Nc6 9. f3 Re8 10. g4 a6 11. Be2 Bd7 12. h4 b5 13. a3 Qb8 14. h5 b4 15.
Nb1 bxa3 16. Nxa3 Ne5 17. Bh6 Bh8 18. hxg6 fxg6 19. Bf4 Qb7 20. Bxe5 Rxe5 21.
Bc4+ d5 22. exd5 Nxd5 23. Nb3 c6 24. Nc5 Qa7 25. f4 Qxc5 26. fxe5 Bxg4 27. b4
Qa7 28. Bxd5+ cxd5 29. Qxd5+ Kg7 30. Rd4 Bf5 31. e6 h5 32. Nc4 Kh6 33. Ne5 Bf6
34. Ng4+ Bxg4 35. Rxg4 Qe3+ 36. Qd2 Bb2+ 37. Kd1 Rd8 38. Qxd8 Qf3+ 39. Kd2 Bc3+
40. Kc1 Qxh1+ 41. Qd1 Bb2+ 42. Kxb2 Qxd1 43. Re4 Qf3 44. Re1 Qf4 45. c3 0-1

[Event "Abierto Mexicano de Ajedrez 2008"]
[Site "Aguascalientes"]
[Date "2008.03.18"]
[Round "9"]
[White "Quezada Perez, Yuniesky"]
[Black "Mitkov, Nikola"]
[Result "1/2-1/2"]
[WhiteElo "2546"]
[BlackElo "2538"]
[PlyCount "54"]
[EventDate "2008.03.18"]
[EventType "swiss"]
[EventRounds "9"]
[EventCountry "MEX"]
[Source "lmi"]
[SourceDate "2008.03.18"]

1. e4 e5 2. Nf3 Nc6 3. Bb5 Nf6 4. O-O Nxe4 5. d4 Nd6 6. Bxc6 dxc6 7. dxe5 Nf5
8. Qxd8+ Kxd8 9. Nc3 Bd7 10. h3 h6 11. b3 Kc8 12. Bb2 Ne7 13. Rad1 b6 14. Rd2
c5 15. Rfd1 Be6 16. Rd8+ Kb7 17. Rxa8 Kxa8 18. Ne2 g5 19. c4 Nc6 20. Nc3 Kb7
21. Nd5 Bg7 22. Ne3 Re8 23. Bc3 a6 24. a4 Bc8 25. Rd5 Be6 26. Rd2 Bc8 27. Rd5
Be6 1/2-1/2

[Event "Abierto Mexicano de Ajedrez 2008"]
[Site "Aguascalientes"]
[Date "2008.03.18"]
[Round "9"]
[White "De La Paz Perdomo, Frank"]
[Black "Bruzon Batista, Lazaro"]
[Result "1/2-1/2"]
[WhiteElo "2441"]
[BlackElo "2607"]
[PlyCount "62"]
[EventDate "2008.03.18"]
[EventType "swiss"]
[EventRounds "9"]
[EventCountry "MEX"]
[Source "lmi"]
[SourceDate "2008.03.18"]

1. e4 c5 2. Nf3 d6 3. d4 cxd4 4. Nxd4 Nf6 5. Nc3 a6 6. Be3 Ng4 7. Bc1 Nf6 8.
Bg5 e6 9. f4 Nbd7 10. Qf3 Qc7 11. O-O-O b5 12. Bd3 Bb7 13. Rhe1 Qb6 14. Nd5
Qxd4 15. Bxf6 gxf6 16. Bxb5 Qc5 17. Nxf6+ Kd8 18. Nxd7 Qxb5 19. Nxf8 Rxf8 20.
Qa3 Ke8 21. Qxd6 Qc6 22. Qd4 Rc8 23. c3 Ke7 24. Qb4+ Kf6 25. Qd4+ Ke7 26. Qb4+
Kf6 27. e5+ Kg7 28. Re3 Rfe8 29. f5 Qb5 30. Qd6 Qc6 31. Qd2 Rf8 1/2-1/2

[Event "Abierto Mexicano de Ajedrez 2008"]
[Site "Aguascalientes"]
[Date "2008.03.18"]
[Round "9"]
[White "Gonzalez Zamora, Juan Carlos"]
[Black "Espinosa Flores, Rafael"]
[Result "1/2-1/2"]
[WhiteElo "2556"]
[BlackElo "2386"]
[PlyCount "55"]
[EventDate "2008.03.18"]
[EventType "swiss"]
[EventRounds "9"]
[EventCountry "MEX"]
[Source "lmi"]
[SourceDate "2008.03.18"]

1. d4 d5 2. Nf3 Nf6 3. c4 dxc4 4. e3 Bg4 5. Bxc4 e6 6. O-O a6 7. Nc3 Nc6 8. h3
Bh5 9. a3 Bd6 10. Be2 O-O 11. b4 Bg6 12. Bb2 Ne4 13. Nxe4 Bxe4 14. Bd3 Bxd3 15.
Qxd3 Re8 16. Rfd1 Qe7 17. Rac1 Rad8 18. Qe4 h6 19. Nd2 Qg5 20. Nc4 Qd5 21. Qc2
Qg5 22. Nd2 Bf8 23. Nf3 Qh5 24. e4 Bd6 25. Qb3 Qg6 26. Re1 Kh8 27. Rcd1 f5 28.
Rc1 1/2-1/2

[Event "Abierto Mexicano de Ajedrez 2008"]
[Site "Aguascalientes"]
[Date "2008.03.18"]
[Round "9"]
[White "Estrada Nieto, Julian"]
[Black "Gonzalez Arroyo, Lenin"]
[Result "1-0"]
[WhiteElo "2356"]
[BlackElo "2205"]
[PlyCount "59"]
[EventDate "2008.03.18"]
[EventType "swiss"]
[EventRounds "9"]
[EventCountry "MEX"]
[Source "lmi"]
[SourceDate "2008.03.18"]

1. e4 e5 2. Nf3 Nc6 3. Bb5 a6 4. Bxc6 dxc6 5. d4 exd4 6. Qxd4 Qxd4 7. Nxd4 Bd7
8. Nc3 c5 9. Nde2 O-O-O 10. Be3 Bc6 11. f3 Bd6 12. O-O-O Ne7 13. Bf4 Ng6 14.
Bxd6 Rxd6 15. Rxd6 cxd6 16. h4 h5 17. Ng3 Ne7 18. Kd2 d5 19. exd5 Bxd5 20. Re1
Be6 21. Re5 b6 22. Rxh5 Rxh5 23. Nxh5 Nf5 24. g4 Nxh4 25. Ke2 g6 26. Nf4 Kd7
27. Nxe6 fxe6 28. Kf2 e5 29. Kg3 g5 30. Ne4 1-0

[Event "Abierto Mexicano de Ajedrez 2008"]
[Site "Aguascalientes"]
[Date "2008.03.23"]
[Round "9"]
[White "Nogueiras Santiago, Jesus"]
[Black "Dominguez Aguilar, Guillermo"]
[Result "1/2-1/2"]
[WhiteElo "2549"]
[BlackElo "2400"]
[PlyCount "83"]
[EventDate "2008.03.18"]
[EventType "swiss"]
[EventRounds "9"]
[EventCountry "MEX"]
[Source "lmi"]
[SourceDate "2008.03.18"]

1. c4 e5 2. Nc3 Nc6 3. g3 g6 4. Bg2 Bg7 5. e3 f5 6. Nge2 Nf6 7. d4 d6 8. dxe5
Nxe5 9. b3 O-O 10. Ba3 Rb8 11. O-O b6 12. Nd4 Bd7 13. Qd2 Re8 14. Bb2 Re7 15.
Rac1 Qe8 16. Qc2 c6 17. Rcd1 Rd8 18. a4 a6 19. Ba3 Nf7 20. Nf3 Bc8 21. h4 h6
22. Ne2 Kh7 23. b4 c5 24. Nf4 Re4 25. Nd2 Rxe3 26. fxe3 Qxe3+ 27. Kh1 Qxa3 28.
Nd3 Ng4 29. Rf3 Bb7 30. h5 Bxf3 31. hxg6+ Kh8 32. Nxf3 Ne3 33. Qe2 Nxd1 34.
gxf7 Qxd3 35. Qe8+ Rxe8 36. fxe8=Q+ Kh7 37. Qh5 Bf6 38. Qf7+ Bg7 39. Qh5 Bf6
40. Qf7+ Bg7 41. Nh4 Ne3 42. Qg6+ 1/2-1/2

[Event "Abierto Mexicano de Ajedrez 2008"]
[Site "Aguascalientes"]
[Date "2008.03.23"]
[Round "9"]
[White "Huerta, Dayron"]
[Black "Zapata, Alonso"]
[Result "0-1"]
[WhiteElo "2353"]
[BlackElo "2475"]
[PlyCount "38"]
[EventDate "2008.03.18"]
[EventType "swiss"]
[EventRounds "9"]
[EventCountry "MEX"]
[Source "lmi"]
[SourceDate "2008.03.18"]

1. d4 Nf6 2. Nc3 d5 3. Bg5 g6 4. Bxf6 exf6 5. e3 c6 6. Bd3 Bg7 7. Qf3 Na6 8.
O-O-O O-O 9. g4 Nb4 10. Bf1 f5 11. gxf5 Bxf5 12. a3 a5 13. Rd2 b5 14. Bh3 Na2+
15. Nxa2 Be4 16. Qe2 Bxh1 17. f3 Re8 18. Rd3 Bh6 19. Kd2 Qg5 0-1

[Event "Abierto Mexicano de Ajedrez 2008"]
[Site "Aguascalientes"]
[Date "2008.03.23"]
[Round "9"]
[White "Blanco Fernandez, Alvaro"]
[Black "Georgiev, Vladimir"]
[Result "1/2-1/2"]
[WhiteElo "2335"]
[BlackElo "2581"]
[PlyCount "86"]
[EventDate "2008.03.18"]
[EventType "swiss"]
[EventRounds "9"]
[EventCountry "MEX"]
[Source "lmi"]
[SourceDate "2008.03.18"]

1. d4 Nf6 2. c4 e6 3. g3 d5 4. Bg2 Bb4+ 5. Bd2 Be7 6. Nf3 c6 7. Qc2 b6 8. O-O
Ba6 9. b3 Nbd7 10. Bf4 Rc8 11. Nbd2 c5 12. dxc5 Bxc5 13. Qb2 O-O 14. b4 Be7 15.
b5 dxc4 16. bxa6 c3 17. Qc2 cxd2 18. Qxd2 Nd5 19. Rad1 Bb4 20. Qd3 Be7 21. Ne5
Nxf4 22. Qxd7 Nxe2+ 23. Kh1 Nc3 24. Nc6 Rxc6 25. Qxd8 Bxd8 26. Bxc6 Nxd1 27.
Rxd1 b5 28. Kg2 Bb6 29. Bb7 g6 30. Rc1 Kg7 31. Rc8 Rxc8 32. Bxc8 b4 33. f4 Kf6
34. Kf3 h6 35. Bb7 g5 36. Be4 Ke7 37. f5 Kd6 38. fxe6 fxe6 39. h4 Ke5 40. hxg5
hxg5 41. g4 Kd4 42. Bg6 Kc4 43. Be8 Kd4 1/2-1/2

[Event "Abierto Mexicano de Ajedrez 2008"]
[Site "Aguascalientes"]
[Date "2008.03.23"]
[Round "9"]
[White "Duarte Barahona, Raul Alejandro"]
[Black "Cordova, Emilio"]
[Result "0-1"]
[WhiteElo "2183"]
[BlackElo "2493"]
[PlyCount "86"]
[EventDate "2008.03.18"]
[EventType "swiss"]
[EventRounds "9"]
[EventCountry "MEX"]
[Source "lmi"]
[SourceDate "2008.03.18"]

1. e4 e6 2. d3 d5 3. Qe2 Nc6 4. Nf3 Nf6 5. c3 dxe4 6. dxe4 Bc5 7. h3 a5 8. Qc2
h6 9. a4 O-O 10. Be2 e5 11. O-O Nh5 12. Be3 Bxe3 13. fxe3 Ng3 14. Rf2 Qd6 15.
Kh2 Nxe2 16. Qxe2 Be6 17. Nbd2 Rad8 18. Nh4 Ne7 19. Qh5 Qd3 20. Qxe5 Qxe3 21.
Qg3 Qxg3+ 22. Kxg3 Rd3+ 23. Kh2 Rfd8 24. Nhf3 c5 25. g3 Ng6 26. Rd1 f6 27. Kg2
Bd7 28. Ra1 Bc6 29. Re2 f5 30. Rae1 fxe4 31. Nxe4 b6 32. b3 Bd5 33. c4 Bc6 34.
Re3 Bxe4 35. Rxe4 Rxb3 36. h4 Nf8 37. h5 Rdd3 38. Rf4 Re3 39. Rd1 Ne6 40. Rf5
Rb2+ 41. Kg1 Ree2 42. Re5 Nd4 43. Rxe2 Nxe2+ 0-1

[Event "Abierto Mexicano de Ajedrez 2008"]
[Site "Aguascalientes"]
[Date "2008.03.23"]
[Round "9"]
[White "Borges Mateos, Juan"]
[Black "Davalos Prieto, Abel Justo"]
[Result "1-0"]
[WhiteElo "2448"]
[BlackElo "2269"]
[PlyCount "101"]
[EventDate "2008.03.18"]
[EventType "swiss"]
[EventRounds "9"]
[EventCountry "MEX"]
[Source "lmi"]
[SourceDate "2008.03.18"]

1. Nf3 d5 2. d4 Nc6 3. c4 e5 4. e3 exd4 5. Nxd4 Bb4+ 6. Bd2 Bxd2+ 7. Qxd2 Nxd4
8. Qxd4 Nf6 9. Nc3 dxc4 10. Qxd8+ Kxd8 11. Bxc4 Ke7 12. Ke2 c6 13. Rad1 Be6 14.
Bxe6 fxe6 15. g4 Rad8 16. g5 Nd5 17. Ne4 b6 18. f4 c5 19. h4 Nb4 20. h5 Rxd1
21. Rxd1 h6 22. Rg1 hxg5 23. Rxg5 Rh7 24. a3 Nd5 25. Kf3 Nf6 26. Ng3 Kf7 27. e4
Rh8 28. e5 Nh7 29. Rg4 Rd8 30. Ne4 Rd3+ 31. Kf2 Rd7 32. Nd6+ Kf8 33. Ke3 a6 34.
Rg6 Re7 35. Nc8 Rc7 36. Nxb6 Kf7 37. Rg2 Nf8 38. Rc2 Rb7 39. Nc4 Rb3+ 40. Rc3
Rb8 41. Nd6+ Kg8 42. Rxc5 Rxb2 43. Rc8 Rb3+ 44. Kd4 Rxa3 45. f5 Ra4+ 46. Ke3
Ra3+ 47. Kf4 Ra4+ 48. Kg5 Ra5 49. Nc4 Rd5 50. fxe6 Rc5 51. Re8 1-0

[Event "Abierto Mexicano de Ajedrez 2008"]
[Site "Aguascalientes"]
[Date "2008.03.23"]
[Round "9"]
[White "Vela Gonzalez, Norberto"]
[Black "Ibarra Chami, Luis Fernando"]
[Result "0-1"]
[WhiteElo "2184"]
[BlackElo "2364"]
[PlyCount "82"]
[EventDate "2008.03.18"]
[EventType "swiss"]
[EventRounds "9"]
[EventCountry "MEX"]
[Source "lmi"]
[SourceDate "2008.03.18"]

1. d4 d5 2. c4 e6 3. Nc3 Bb4 4. Qa4+ Nc6 5. a3 Bxc3+ 6. bxc3 Nge7 7. Bg5 O-O 8.
e3 Bd7 9. cxd5 exd5 10. Qc2 f6 11. Bf4 Bf5 12. Bd3 Bxd3 13. Qxd3 Na5 14. Ne2
Qd7 15. O-O Ng6 16. Bg3 Rfe8 17. h4 Ne7 18. h5 c6 19. Bf4 Nf5 20. g4 Nd6 21.
Bxd6 Qxd6 22. Ng3 Qe6 23. Qe2 Nc4 24. Kg2 Nd6 25. a4 f5 26. gxf5 Nxf5 27. Rh1
Rf8 28. Nxf5 Rxf5 29. Rh3 Raf8 30. Rf1 a5 31. Rg3 b5 32. Qg4 Qf7 33. f4 Rxh5
34. axb5 cxb5 35. Rb1 Rb8 36. Qe2 b4 37. cxb4 axb4 38. e4 Rh4 39. Rf1 dxe4 40.
Qxe4 b3 41. d5 b2 0-1